01000nam a22002417a 4500999001700000003000900017008004100026040007100067082002000138100001700158245002000175260004200195300004400237440003000281505019300311650003000504650003000534650003000564700004100594942001600635945000900651952009800660 c10490d10490AR-CdUCM190401b ||||| |||| 00| 0 spa d aMUNICIPALIDAD PROVINCIAL DEL CUSCOcBIBLIOTECA MUNICIPAL DEL CUSCO aEP / 800 /bV52 aVerne. Julio aEl changellor / aBarcelona :bEditorial Molino,c1958. a157 páginas ;bIlustraciones,c19 cm. aColección Molino926559 aContenido: Salida de Charleston -- Algunos personajes de Chancellor -- Acta de las mercancias cargadas en el Chancellor -- Algunos detalles sobre los pasajeros , el capitan y su segundo... aLiteratura universal9611 aLiteratura escolar926679 aAventuras de Verne927365 aVallve, Manuel (traducción)927381 2ddccLIBROS adavv 002ddc4070aSIbSIcCARTd2019-04-01g25.00oEP / 800 / V52pSI00000604r2019-04-01yLIBROS